000 00954nam a2200217 i 4500
001 154835
003 ES-MaACL
005 20231204183049.0
008 931025s1866 sp |||| | spa d
080 _a338(460)"18"
100 1 _aGüell y Ferrer, Juan (
_d1800-1872)
_9127737
245 1 0 _aExamen de la crisis actual, con ocasión del opúsculo publicado por... D. Vicente Vázquez Queipo /
_cpor D. Juan Güell y Ferrer.
260 _aBarcelona :
_b[s.n.],
_c1866 (
_fImp. de Narciso Ramírez y Compañía)
300 _a128 p. ;
_c26 cm.
530 _aDisponible en formato digital.
651 4 _aEspaña-
_xSituación económica-
_yS.XIX.
_98504
700 1 _aVázquez Queipo, Vicente,
_d1804-1893
_9113475
852 4 _aES-MaACL
_jT-60-F-4
_z- Enc. hol.
_z- Enc. en un vol. facticio
856 4 _uhttps://bibliotecadigital.jcyl.es/es/consulta/registro.do?id=24183
_zBiblioteca Digital de Castilla y León
999 _c154835
_d154835